000 00416nam a2200157Ia 4500
008 240729s9999 xx 000 0 und d
022 _a1179-5557
245 0 _aClinical Medicine Insights: Pathology
260 _aUnited Kingdom
260 _bSAGE Publishing
650 _a Pathology
650 _aMedicine
856 _uhttps://doaj.org/toc/6761c835199a48d4aa480e080146660f
942 _2ddc
942 _cDOAJEJ
999 _c67789
_d67789
945 _a1
_bMadushi Gamage
_c1
_dMadushi Gamage